Evaluación formativa

Gorde:
Xehetasun bibliografikoak
Egile nagusia: Rotger Amengual, Bartolomé (Egilea)
Formatua: Liburua
Hizkuntza:gaztelania
Argitaratua: Madrid Cincel 1989
Saila:Educación y Futuro. Monografías para la Reforma, 9
Gaiak:
Etiketak: Etiketa erantsi
Etiketarik gabe, Izan zaitez lehena erregistro honi etiketa jartzen!

MARC

LEADER 00000nam a2200000 a 4500
001 UCL0862
003 CL-VaPUC
008 030825e19890000SP |||||||||||||||||spa|d
020 |a 8470464744 
082 0 4 |a 371.26  |b ROT  |2 21 
100 0 |a Rotger Amengual, Bartolomé  |e author  |9 477586 
245 1 0 |a Evaluación formativa 
300 |a 190 p 
942 |c BK 
945 |d 20030825 00:00:00  |a cmena 
260 |a Madrid  |b Cincel  |c 1989 
650 0 |a Evaluación de la educación   |9 237505 
650 0 |a Planificación del currículo  |9 269599 
583 |a last modification  |c 20030825 00:00:00  |k Rodrigo Vera 
490 0 |a Educación y Futuro. Monografías para la Reforma, 9 
999 |c 304588  |d 304586 
952 |0 0  |1 0  |4 0  |6 371_260000000000000_ROT_1989  |7 0  |8 A  |9 367038  |a BIBEDU  |b BIBEDU  |d 2019-11-21  |i 3932567  |o 371.26 ROT 1989  |p 3932567  |r 2019-11-21  |w 2019-11-21  |y BK  |k EPE 
952 |0 0  |1 0  |4 0  |6 371_260000000000000_ROT_1989  |7 0  |8 A  |9 367039  |a BIBEDU  |b BIBEDU  |d 2019-11-21  |i 4032969  |l 1  |o 371.26 ROT 1989  |p 4032969  |r 2023-04-21  |s 2023-04-10  |w 2019-11-21  |y BK  |k EBA